Stade rochelais : joueur passé - Statistiques

Statistiques générales
  • Ce quiz a été pris 29 fois
  • Le résultat moyen est 8 sur 14
Answers on the Grid
Answers color-coded by a green-red scale on the quiz's grid according to % correct below.
dany priso
Louis de funes
Cameone woki
Brock jame
Urdapilleta
Yoan tanga
Sebastien chabal
Gobus grobler
Vakatawa
ZAck holmes
Patrick gobus
sinzelle
Batiste gros
Ardie savea
gregory aldriit
arthur retiere
mathieu jalibert
George henri colombe
Willam servat
Quentouine prime
Alexis bales
Louis carbonel
Hugo reus
Mathieu Bastaraud
Thomas berjon
Patrice evra
Brice dulin
Rabat slimani
Mathias hadad
Marcel deflandre
 
Statistiques - réponses
Réponse % Correct
George henri colombe
76%
gregory aldriit
76%
arthur retiere
71%
Brice dulin
71%
dany priso
71%
sinzelle
62%
Yoan tanga
62%
Brock jame
57%
Hugo reus
57%
Thomas berjon
57%
ZAck holmes
57%
Mathias hadad
52%
Alexis bales
38%
Gobus grobler
29%
Aucun quiz correspondant
Distribution des résultats
% des personnes avec chaque résultat
Percentile par nombre de réponses
Votre historique - résultats
Vous n’avez pas pris ce quiz